000 00490nam a22001697a 4500
003 OSt
005 20140310182457.0
008 130806t xxu||||| |||| 00| 0 eng d
020 _a9780199234479
050 _aRS 403
_b.P314 2009
100 _aPatrick, Graham L.
_98452
245 _aAn Introduction to Medicinal Chemistry /
_cGraham L. Patrick.
260 _aNew York:
_bOxford University Press,
_cc2009.
300 _a752 p. :
_bill. ;
_c27 cm.
942 _2lcc
_cSSLC
999 _c13756
_d13756